| 000 | 00398pam a2200157 a 4500 | ||
|---|---|---|---|
| 020 | _a0256195080 | ||
| 040 | _cDLC | ||
| 082 | 0 | 0 | _a658 LRW 1997 A054 Or. |
| 100 | 1 | _aNahmias, Steven. | |
| 245 | 1 | 0 | _aProduction and operations analysis / |
| 250 | _a3rd ed. | ||
| 260 |
_aChicago : _bIrwin, _cc1997. |
||
| 300 |
_axxxvi, 858 p. : _bill. ; _c24 cm. |
||
| 650 | 0 | _aProduction management. | |
| 942 | _cEK | ||
| 999 |
_c15436 _d15436 |
||